| 000 | 00865cam a22002771 4500 | ||
|---|---|---|---|
| 001 | 32921 | ||
| 003 | BD-RjUL | ||
| 005 | 20211209051921.0 | ||
| 008 | 140429s1945 nyu 000 0 eng | ||
| 035 | _a(BD-RjUL)33011 | ||
| 035 | _a(OCoLC)280224 | ||
| 040 |
_aDLC _cOAU _dOCoLC _dDLC _dBD-RjUL _beng |
||
| 041 | _aeng | ||
| 082 | 0 | 0 |
_a340.112 _bWEC 1945 |
| 100 | 1 |
_aWest, Ranyard, _d1900- _9100074 |
|
| 245 | 1 | 0 |
_aConscience and society : _ba study of the psychological prerequisites of law and order / _cby Ranyard West. |
| 260 |
_aNew York : _bEmerson Books,inc., _c1945. |
||
| 300 |
_a4 p.,l., 261 p. ; _c22 cm. |
||
| 504 | _aIncludes bibliographical references. | ||
| 650 | 0 |
_aSocial ethics. _95055 |
|
| 650 | 0 |
_aLaw _xPhilosophy. _9100075 |
|
| 650 | 0 |
_aPolitical science. _9100076 |
|
| 942 |
_2ddc _cBK |
||
| 999 |
_c32921 _d32921 |
||